LEADER 02017nam a2200373 a 4500
001 0017836
003 BD-DhAAL
008 090630s2007 it a bc 000 0deng d
010 |a  00359158  
020 |a 8881184710 
020 |a 9788881184712 
040 |a NUI  |c NUI  |d DLC  |d BD-DhAAL 
082 |a 727.7092   |2 22 
245 0 0 |a Louis I. Kahn, the construction of the Kimbell Art Museum /  |c design and organization of the exhibition and catalogue, Luca Bellinelli. 
246 3 0 |a Construction of the Kimbell Art Museum 
260 |a Milan :  |b Skira editore ;  |a New York :  |b Distributed in North America by Abbeville Pub. Group,  |c 2007. 
300 |a 167 p. :  |b ill. (some col.) ;  |c 25 cm 
490 1 |a Cataloghi dell'Accademia di architettura ;  |v 2 
500 |a Published in conjunction with an exhibition at the Museo d'arte Mendrisio, c1999. 
504 |a Includes bibliographical references (pages 163-165). 
526 |a ARC  |x Md. Shajjad Hossain, Faculty members of the Department of Architecture 
541 1 |e 0017836  |a Zeenat Book Supply Limited 
600 1 0 |a Kahn, Louis I.,  |d 1901-1974  |v Notebooks, sketchbooks, etc.  |9 31926 
610 2 0 |a Kimbell Art Museum.  |9 31927 
650 0 |a Art museum architecture  |z Texas  |z Fort Worth.  |9 31928 
651 0 |a Fort Worth (Tex.)  |x Buildings, structures, etc.  |9 31929 
700 1 |a Bellinelli, Luca,  |d 1946-  |9 31930 
700 1 |a Kahn, Louis I.,  |d 1901-1974.  |9 31931 
710 2 |a Museo d'arte Mendrisio.  |9 31932 
852 4 |a Ayesha Abed Library   |c General Stacks 
942 |2 ddc  |c BK 
999 |c 1904  |d 1904 
952 |0 0  |1 0  |2 ddc  |4 0  |6 727_709200000000000_LOU_2007  |7 0  |9 1747  |a BRACUL  |b BRACUL  |c GEN  |d 2009-06-30  |e Zeenat Book Supply Limited  |g 2693.00  |l 14  |m 45  |o 727.7092 LOU  |p 3010017836  |r 2022-10-30  |s 2022-09-27  |t 1  |w 2009-06-30  |y BK  |x Requisitioned by Md. Shajjad Hossain (Faculty members of the Department of Architecture). 
952 |0 0  |1 0  |2 ddc  |4 0  |6 727_709200000000000_LOU_2007  |7 0  |9 14216  |a BRACUL  |b BRACUL  |c GEN  |d 2011-01-27  |l 12  |m 20  |o 727.7092 LOU  |p 3010021677  |r 2022-06-23  |s 2022-06-16  |t 2  |w 2011-01-27  |y BK